000 00912nam a22002417a 4500
008 240605b mp ||||| |||| 00| 0 mon d
020 _a978-99973-1-604-2
035 _a25510
040 _aHE0623081
_bmon
_cMN-UlNLM
_dMN-UlNLM
_erda
041 _amon
042 _a59353
084 _2NNA
_a32.973я6
_bК.55
100 _aКелли Ж.Ф.
245 0 _aКодчилол
264 _aУБ.
_bМонсудар хэвлэлийн газар
_c2021
300 _a64х.
336 _2rdacontent
_atext
_btxt
337 _2rdamedia
_aunmediated
_bn
338 _2rdacarrier
_avolume
_bnc
650 _aDK Олжмэд! Кодчилол ном нь кодчиллын ертөнцийн сонирхолтой баримт, зургуудыг багтаасан төдийгүй агуу санаануудыг тусгасан гайхал...
942 _2NNA
_cBK
999 _c895197
_d895254